Statistics for Geography of the European Union

Click here to take the quiz!

General Stats

  • This quiz has been taken 192 times
  • The average score is 111 of 149

Answer Stats

answer% Correct
Rome
99%
Berlin
97%
Franc
97%
Austria
96%
Belgium
96%
Germany
96%
Italy
96%
Paris
96%
Romania
96%
Spain
96%
Sweden
96%
United Kingdom
96%
Madrid
95%
Albania
94%
Bulgaria
94%
Denmark
94%
Hungary
94%
Latvia
94%
Lithuania
94%
Netherlands
94%
Portugal
94%
Russia
94%
San Marino
94%
Slovakia
94%
Brussels
93%
Finland
93%
France
93%
Ireland
93%
Norway
93%
Poland
93%
Serbia
93%
Vienna
93%
Amsterdam
92%
Andorra
92%
Bosnia and Herzegovina
92%
Budapest
92%
Croatia
92%
Estonia
92%
Greece
92%
Kosovo
92%
Luxembourg
92%
Montenegro
92%
Slovenia
92%
Czech Republic
91%
Stockholm
91%
Switzerland
91%
Turkey
91%
Ukraine
91%
Cyprus
90%
Warsaw
90%
Athens
89%
Bucharest
89%
Copenhagen
89%
Dublin
89%
Liechtenstein
89%
Lisbon
89%
Macedonia
89%
Malta
89%
Prague
89%
Vatican City
89%
Helsinki
88%
Monaco
88%
Zagreb
88%
Sofia
87%
Tallinn
87%
Belarus
86%
Riga
86%
Bratislava
85%
Danube
85%
Moldova
85%
Vilnius
82%
Ljubljana
80%
Valletta
78%
Rhine
77%
Nicosia
76%
Mark
75%
Sicily
75%
Lira
74%
Sardinia
73%
Corsica
69%
Pound
67%
Morocco
65%
Barcelona
64%
Crete
62%
Krone
62%
Milan
58%
Rhône
58%
Krona
57%
Zloty
56%
Hamburg
54%
Brazil
47%
Elbe
47%
Loire
44%
Suriname
44%
Majorca
43%
Naples
40%
Peseta
36%
Ruhr
36%
Forint
34%
Vistula
33%
Drachma
32%
Schilling
31%
Lev
30%
Kuna
27%
Zealand
27%
Oder
26%
Leu
25%
Ebro
24%
Koruna
23%
Tagus
23%
Escudo
20%
Guilder
18%
Markka
18%
Euboea
14%
Tisza
13%
Tolar
9%
Kroon
8%
Litas
6%
Lats
5%
Vendsyssel-Thy
3%

Score Distribution

Percentile by Number Answered

Percent of People with Each Score

Your Score History

You have not taken this quiz